000 00504nam a2200181Ia 4500
003 GCL
008 140319s9999 xx 000 0 ara d
040 _aGCL /
_cGCL
082 0 4 _a818
_bع ا
100 1 _aعبدالوهاب مطاوع
245 1 0 _aافتح قلبك /
_cعبدالوهاب مطاوع
700 1 _aعبدالوهاب محمد المسيرى
300 _a135 ص
490 _a100 قصة
_v0
650 0 4 _aالقصص العربية
650 0 4 _aالمقالات
942 _2ddc
_cBK
999 _c44996
_d44996